"Experiencias significativas de participación ciudadana y conocimiento tradicional en la gestión ambiental" (Registro nro. 8307)

Detalles MARC
000 -CABECERA
Campo de control 00929nam a22002177a 4500
005 - FECHA Y HORA DE LA ULTIMA TRANSACCION
Campo de control 20150708142943.0
008 - ELEMENTOS DE LONGITUD FIJA—INFORMACION GENERAL
Campo de control 140325s2012 ck ado gr|||||000 0|spa d
041 ## - IDIOMA
Código de idioma para texto/pista de sonido o título separado Español
044 ## - PAÍS DE PUBLICACIÓN
País de publicación Colombia
082 04 - NUMERO DE CLASIFICACION DECIMAL DEWEY
Número de clasificación 333.72
Número del ítem C718e
110 1# - ASIENTO PRINCIPAL--NOMBRE CORPORATIVO
Nombre corporativo o de jurisdicción como elemento de entrada Ministerio de Ambiente y Desarrollo Sostenible
Unidad subordinad Ministerio de Ambiente y Desarrollo Sostenible
245 11 - MENCION DE TITULO
Título "Experiencias significativas de participación ciudadana y conocimiento tradicional en la gestión ambiental"
Mención de responsabilidad Ministerio de Ambiente y Desarrollo Sostenible, Ecofondo, UPND, GEF
260 3# - PUBLICACION, DISTRIBUCION, ETC. (PIE DE IMPRENTA)
Lugar de publicación, distribución, etc. Bogotá
Nombre del editor, distribuidor, etc. Ministerio de Ambiente y Desarrollo Sostenible
Fecha de publicación, distribución, etc. 2012
300 ## - DESCRIPCION FISICA
Extensión 52 p.
Otros detalles físicos il., fot., tablas
Dimensiones 28 cm
650 #4 - ASIENTO SECUNDARIO DE MATERIA - TERMINO TEMATICO
Término temático o nombre geográfico como elemento de entrada Gestión ambiental
Subdivisión general Participación ciudadana
Subdivisión geográfica Colombia
650 #4 - ASIENTO SECUNDARIO DE MATERIA - TERMINO TEMATICO
Término temático o nombre geográfico como elemento de entrada Protección del medio ambiente
Subdivisión general Participación ciudadana
Subdivisión geográfica Colombia
710 2# - ASIENTO SECUNDARIO - NOMBRE CORPORATIVO
Nombre corporativo o de jurisdicción como elemento de entrada Ecofondo
710 2# - ASIENTO SECUNDARIO - NOMBRE CORPORATIVO
Nombre corporativo o de jurisdicción como elemento de entrada UPND
710 2# - ASIENTO SECUNDARIO - NOMBRE CORPORATIVO
Nombre corporativo o de jurisdicción como elemento de entrada GEF
942 ## - ELEMENTOS ADICIONALES (KOHA)
Sistema de clasificación Dewey Decimal Classification
Tipo de ítem Impreso
Existencias
Withdrawn status Lost status Sistema de Clasificación Damaged status No para préstamo Colección Inventariado Ubicación Permanente Ubicación actual Fecha de adquisición Fuente de Valor Valor Total Checkouts Número topográfico Inventario / Código de Barras Date last seen Ejemplar Price effective from Forma de adquisición Tipo de material
    Dewey Decimal Classification     General Inventariado 2017 Bogotá Bogotá 25/03/2014 Instituto 39000.00   LB-333.72 C718e 034229 25/03/2014 Ej. 1 25/03/2014   Libro
    Dewey Decimal Classification     General Inventariado 2017 Sala Fabio Quevedo Sala Fabio Quevedo 26/09/2016 Instituto 39000.00   LB-333.72 C718e 034828 26/09/2016 Ej. 2 26/09/2016 Donación Libro